[Event "Foment Martinenc op-B 18th"]
[Site "Barcelona"]
[Date "2016.06.11"]
[Round "8"]
[White "Quiles Olive, Manuel"]
[Black "Garcia Punzano, Josep Lluis"]
[Result "1/2-1/2"]
[WhiteElo "1939"]
[BlackElo "1807"]
[PlyCount "136"]
[EventDate "2016.04.23"]
[EventType "swiss"]
[EventRounds "9"]
[EventCountry "ESP"]
[SourceTitle "EXT 2017"]
[Source "ChessBase"]
[SourceDate "2016.10.25"]
[SourceVersion "1"]
[SourceVersionDate "2016.10.25"]
[SourceQuality "1"]

1. e4 c5 2. Nf3 d6 3. Bb5+ Nd7 4. 0-0 Ngf6 5. Re1 a6 6. Bf1 g6 7. c3 Bg7 8. d4 cxd4 9. cxd4 0-0 10. Nc3 Qc7 11. h3 b5 12. a3 Bb7 13. Bg5 e5 14. Rc1 Qb8 15. d5 h6 16. Be3 Rc8 17. b4 Rc7 18. Qd2 Qc8 19. Nh2 Nh5 20. a4 bxa4 21. Nxa4 Rxc1 22. Rxc1 Qd8 23. Bxh6 Rc8 24. Be3 Nhf6 25. f3 Ne8 26. Ng4 f5 27. exf5 gxf5 28. Rxc8 Qxc8 29. Nh6+ Kf8 30. Nxf5 Ndf6 31. Nxg7 Nxg7 32. Nb6 Qc7 33. Qd3 Kf7 34. Be2 Nfh5 35. Qc4 Qd8 36. Bd3 Nf4 37. Be4 Ngh5 38. Kh2 Qh4 39. Qc7+ Qe7 40. Qxe7+ Kxe7 41. g4 Nf6 42. Bxf4 exf4 43. h4 Kd8 44. g5 Nh5 45. Kh3 Kc7 46. Nc4 Bc8+ 47. Kg2 Bd7 48. Bg6 Ng3 49. h5 Nf5 50. h6 Nh4+ 51. Kf2 Nxg6 52. Nd2 Bf5 53. Ne4 Ne5 54. Nf6 Nd3+ 55. Ke2 Nxb4 56. h7 Bxh7 57. Nxh7 Kd7 58. Nf6+ Ke7 59. Kd2 a5 60. Kc3 Na6 61. Nh5 Nc5 62. Nxf4 Nd7 63. Nd3 Kf7 64. f4 Kg6 65. Kc4 a4 66. Kb5 a3 67. Nb4 Nc5 68. Kc4 Kf5 1/2-1/2

[Event "Foment Martinenc op-B 18th"]
[Site "Barcelona"]
[Date "2016.04.30"]
[Round "2"]
[White "Quiles Olive, Manuel"]
[Black "Castillo Garrido, Alex"]
[Result "1/2-1/2"]
[WhiteElo "1939"]
[BlackElo "1472"]
[PlyCount "50"]
[EventDate "2016.04.23"]
[EventType "swiss"]
[EventRounds "9"]
[EventCountry "ESP"]
[SourceTitle "EXT 2017"]
[Source "ChessBase"]
[SourceDate "2016.10.25"]
[SourceVersion "1"]
[SourceVersionDate "2016.10.25"]
[SourceQuality "1"]

1. e4 c5 2. Nf3 e6 3. d4 cxd4 4. Nxd4 Nc6 5. Be2 Qc7 6. Be3 a6 7. 0-0 Nf6 8. Nd2 d5 9. Bf3 Nxd4 10. Bxd4 e5 11. Be3 d4 12. Bg5 Be7 13. Re1 0-0 14. Rc1 Be6 15. c3 dxc3 16. Rxc3 Qd7 17. a3 b5 18. Bxf6 Bxf6 19. Nb3 Qxd1 20. Rxd1 Be7 21. Nc5 Bxc5 22. Rxc5 Rac8 23. Rdc1 Rxc5 24. Rxc5 Rc8 25. Rxc8+ Bxc8 1/2-1/2

[Event "Foment Martinenc op-B 16th"]
[Site "Barcelona"]
[Date "2014.06.21"]
[Round "9"]
[White "Maqueda Berdugo, Francisco"]
[Black "Quiles Olive, Manuel"]
[Result "0-1"]
[WhiteElo "1800"]
[BlackElo "1983"]
[PlyCount "68"]
[EventDate "2014.04.26"]
[EventType "swiss"]
[EventRounds "9"]
[EventCountry "ESP"]
[SourceTitle "EXT 2015"]
[Source "ChessBase"]
[SourceDate "2014.11.20"]
[SourceVersion "1"]
[SourceVersionDate "2014.11.20"]
[SourceQuality "1"]

1. e4 b6 2. d4 e6 3. Nc3 Bb7 4. Bd3 Nf6 5. Bg5 h6 6. Bh4 Be7 7. f3 Nxe4 8. Bxe7 Nxc3 9. Bxd8 Nxd1 10. Bxc7 Nxb2 11. Bb5 Bc6 12. a4 Ke7 13. Ne2 Rc8 14. Bxb8 Raxb8 15. Ba6 Bb7 16. Bxb7 Rxb7 17. c3 Rc4 18. a5 b5 19. 0-0 Rbc7 20. Rfb1 Na4 21. Rxb5 Nxc3 22. Nxc3 Rxc3 23. a6 Kd6 24. Rb7 R3c4 25. Rab1 R4c6 26. Rxc7 Rxc7 27. Kf1 Rc6 28. Ra1 Rb6 29. Kf2 Rb2+ 30. Kg3 Kc6 31. d5+ Kxd5 32. Rc1 Kd6 33. Rc8 Ra2 34. Rg8 g6 0-1

[Event "Foment Martinenc op-B 16th"]
[Site "Barcelona"]
[Date "2014.05.31"]
[Round "6"]
[White "Quiles Olive, Manuel"]
[Black "Sanchez Coves, Juan Josep"]
[Result "1-0"]
[WhiteElo "1983"]
[BlackElo "1824"]
[PlyCount "81"]
[EventDate "2014.04.26"]
[EventType "swiss"]
[EventRounds "9"]
[EventCountry "ESP"]
[SourceTitle "EXT 2015"]
[Source "ChessBase"]
[SourceDate "2014.11.20"]
[SourceVersion "1"]
[SourceVersionDate "2014.11.20"]
[SourceQuality "1"]

1. e4 c6 2. d4 d5 3. exd5 cxd5 4. Bb5+ Nc6 5. Nf3 Bg4 6. 0-0 e6 7. h3 Bh5 8. Bf4 Bd6 9. Bxd6 Qxd6 10. c3 Nge7 11. Re1 0-0 12. Nbd2 Qf4 13. Qe2 Rac8 14. g3 Bxf3 15. Nxf3 Qf6 16. Rad1 Rc7 17. Bd3 Ng6 18. Nh2 Rfc8 19. Bb1 Nb8 20. h4 h6 21. Ng4 Qe7 22. Bxg6 fxg6 23. Qxe6+ Qxe6 24. Rxe6 Rc6 25. Rde1 Kh7 26. Re7 Rb6 27. R1e6 Rxe6 28. Rxe6 Rc6 29. Re7 Rb6 30. b3 h5 31. Ne3 Rb5 32. Re5 Ra5 33. a4 Nc6 34. Rxd5 Rxd5 35. Nxd5 a5 36. f4 Kg8 37. Kf2 Kf7 38. Ke3 Ke6 39. Ke4 Kd6 40. Ne3 Ne7 41. Nc4+ 1-0

[Event "Foment Martinenc op-B 16th"]
[Site "Barcelona"]
[Date "2014.05.10"]
[Round "3"]
[White "Quiles Olive, Manuel"]
[Black "Barragan Hernandez, Manel"]
[Result "0-1"]
[WhiteElo "1983"]
[BlackElo "1916"]
[PlyCount "66"]
[EventDate "2014.04.26"]
[EventType "swiss"]
[EventRounds "9"]
[EventCountry "ESP"]
[SourceTitle "EXT 2015"]
[Source "ChessBase"]
[SourceDate "2014.11.20"]
[SourceVersion "1"]
[SourceVersionDate "2014.11.20"]
[SourceQuality "1"]

1. e4 e5 2. Nf3 Nc6 3. d4 exd4 4. c3 d5 5. e5 Bg4 6. Bb5 Qe7 7. Qxd4 Bxf3 8. gxf3 Qe6 9. Be3 Nge7 10. f4 a6 11. Qa4 0-0-0 12. Be2 h5 13. Nd2 Nf5 14. Nf3 Nxe3 15. fxe3 Bc5 16. Nd4 Bxd4 17. cxd4 Ne7 18. Rc1 Kb8 19. Rc3 Qg6 20. Kd2 Qg2 21. Rhc1 c6 22. Rb3 Ka8 23. Rc5 Rd7 24. Ra5 Rc8 25. Rb6 Rcc7 26. Qd1 Nf5 27. Rb3 Qxh2 28. Kc1 g6 29. Kb1 Qf2 30. Qd3 Qe1+ 31. Kc2 Qxa5 32. Ra3 Qb5 33. Qd2 Qb6 0-1

[Event "Catalunya-ch"]
[Site "Barcelona"]
[Date "2007.04.06"]
[Round "6"]
[White "Quiles Olive, Manuel"]
[Black "Serra Vilaro, Agustin"]
[Result "1/2-1/2"]
[WhiteElo "1946"]
[BlackElo "1959"]
[PlyCount "40"]
[EventDate "2007.04.01"]
[EventType "swiss"]
[EventRounds "9"]
[EventCountry "ESP"]
[SourceTitle "CBM 117 Extra"]
[Source "ChessBase"]
[SourceDate "2007.05.09"]
[SourceVersion "1"]
[SourceVersionDate "2007.05.09"]
[SourceQuality "1"]

1. e4 e6 2. d4 d5 3. exd5 exd5 4. Nf3 Bg4 5. Be2 Bd6 6. Nc3 c6 7. h3 Bh5 8. 0-0 Ne7 9. Bg5 f6 10. Bh4 0-0 11. Bg3 Re8 12. Nh2 Bxe2 13. Nxe2 Nf5 14. Bxd6 Qxd6 15. Qd3 Nd7 16. Rfe1 Nh6 17. Ng3 Nf8 18. Re3 Qd7 19. Rae1 Rxe3 20. Rxe3 Re8 1/2-1/2

[Event "Vila de Poblenou op"]
[Site "Barcelona"]
[Date "2001.08.18"]
[Round "3.17"]
[White "Severri Arrese, Carlos"]
[Black "Quiles Olive, Manuel"]
[Result "1-0"]
[WhiteElo "2134"]
[BlackElo "2005"]
[PlyCount "107"]
[EventDate "2001.08.16"]
[EventType "swiss"]
[EventRounds "9"]
[EventCountry "ESP"]
[SourceTitle "EXT 2002"]
[Source "ChessBase"]
[SourceDate "2001.11.25"]
[SourceVersion "1"]
[SourceVersionDate "2001.11.25"]
[SourceQuality "1"]

1. d4 Nf6 2. Nf3 e6 3. e3 b6 4. Bd3 Bb7 5. Nbd2 d5 6. c3 c5 7. Ne5 Bd6 8. 0-0 0-0 9. f4 Nc6 10. Qf3 Qc7 11. Qh3 g6 12. Qh6 Bxe5 13. fxe5 Ng4 14. Qf4 f5 15. h3 Ngxe5 16. dxe5 Nxe5 17. Nf3 Nxf3+ 18. Qxf3 e5 19. Qg3 Qg7 20. Bd2 Rad8 21. a4 c4 22. Bc2 a6 23. Kh2 e4 24. Rf2 Rfe8 25. Raf1 Re5 26. Rf4 Bc8 27. Qg5 Rf8 28. Rh4 h5 29. Rhf4 Qf6 30. h4 Qxg5 31. hxg5 Re7 32. Rd1 Be6 33. Be1 Rd8 34. Bg3 Rdd7 35. Rf2 Bf7 36. Rfd2 Rb7 37. Bd6 Red7 38. Ba3 Be6 39. Kg3 h4+ 40. Kf4 b5 41. Ke5 Rb6 42. a5 Rc6 43. Rh1 Rh7 44. Kf4 Kh8 45. Rh3 Rcc7 46. Rd1 Kg7 47. Rdh1 Rc6 48. g3 Bg8 49. Rxh4 Re6 50. Rxh7+ Bxh7 51. Rd1 Bg8 52. Rxd5 Rc6 53. Rd7+ Bf7 54. Bd6 1-0

[Event "Barcelona op-B"]
[Site "Barcelona"]
[Date "1998.??.??"]
[Round "8"]
[White "Melchor Munoz, Alejandro"]
[Black "Quiles Olive, Manuel"]
[Result "0-1"]
[WhiteElo "1955"]
[BlackElo "2005"]
[PlyCount "38"]
[EventDate "1998.??.??"]
[EventType "swiss"]
[EventRounds "8"]
[EventCountry "ESP"]
[SourceTitle "EXT 2019"]
[Source "ChessBase"]
[SourceDate "2018.10.10"]
[SourceVersion "1"]
[SourceVersionDate "2018.10.10"]
[SourceQuality "1"]

1. e4 e5 2. Nf3 Nc6 3. Nc3 Bc5 4. Nxe5 Nf6 5. Nxc6 dxc6 6. h3 Qd4 7. Qf3 0-0 8. d3 Bb4 9. Bd2 Re8 10. 0-0-0 Qe5 11. Be2 Be6 12. g4 Qa5 13. Qg3 Bxa2 14. f4 Be6 15. f5 Qa1+ 16. Nb1 Bxd2+ 17. Kxd2 Rad8 18. Kc3 Qa5+ 19. b4 Qa1+ 0-1

[Event "Ideal Clave op"]
[Site "Barcelona"]
[Date "1997.10.25"]
[Round "5"]
[White "Cartro Turu, Gabriel"]
[Black "Quiles Olive, Manuel"]
[Result "0-1"]
[WhiteElo "2045"]
[BlackElo "1960"]
[PlyCount "82"]
[EventDate "1997.09.??"]
[EventType "swiss"]
[EventRounds "9"]
[EventCountry "ESP"]
[SourceTitle "EXT 2003"]
[Source "ChessBase"]
[SourceDate "2002.11.25"]
[SourceVersion "1"]
[SourceVersionDate "2002.11.25"]
[SourceQuality "1"]

1. e4 e5 2. Nf3 Nc6 3. c3 Nf6 4. d4 exd4 5. e5 Qe7 6. Qe2 d3 7. exf6 dxe2 8. fxe7 exf1Q+ 9. Rxf1 Bxe7 10. Bf4 d6 11. Nbd2 h6 12. 0-0-0 Be6 13. Kb1 a5 14. Rfe1 0-0 15. h3 Rfe8 16. g4 g5 17. Be3 b5 18. b3 b4 19. c4 a4 20. Nd4 Nxd4 21. Bxd4 c5 22. Bb2 Ra6 23. Ne4 Rd8 24. Bf6 Bxf6 25. Nxf6+ Kg7 26. Nd5 Rd7 27. f4 axb3 28. axb3 Rda7 29. fxg5 hxg5 30. Ne3 Ra3 31. Kc2 Ra2+ 32. Kd3 R7a3 33. Ke4 Rxb3 34. Rxd6 Rc3 35. Rd3 Raa3 36. Red1 Bxc4 37. Nf5+ Kf6 38. Rd6+ Be6 39. Rf1 Rc4+ 40. Nd4+ Ke7 41. h4 Kxd6 0-1